Mata - 100 dni do matury - Statystyki

Ogólne statystyki
  • Ten quiz został rozwiązany 512 razy
  • Średni wynik to 13 z 18
Statystyki odpowiedzi
Numer Gość Utwór % Poprawnych
16. 100 dni do matury
93%
15. Adam, Szczepan i Wyguś GOMBAO 33
91%
(Bonus Track) Schodki
86%
8. Patointeligencja
82%
2. Biblioteka Trap
76%
(Bonus Track) Prawy do lewego
76%
10. Żółte flamastry i grube katechetki
75%
3. Piszę to na matmie
73%
11. Mata Montana
71%
7. DJ Flip Tango
70%
12. Lezore
69%
14. Nero
67%
6. Cafe PRL
66%
1. Intro (do nauki)
65%
4. Jerzy Bralczyk Konkubinat
64%
13 Wino Sangrita (S01E01)
64%
5. Homo ludens
59%
9. Halellujah (cover)
42%
Nie znaleziono quizów pasujących do podanych kryteriów
Rozkład punktacji
Procent ludzi z każdym wynikiem
Percentyl według liczby udzielonych odpowiedzi
Twoja historia wyników
Nie rozwiązałeś tego quizu